000 00887nmm a2200289 a 4500
001 ocm0001916643
003 TR-IsHL
005 20201028174130.0
008 180922s2018 tu tur
007 cr cn
020 _a9786059381833
035 _a1916643
_b(N$T)
050 0 4 _aPL248.E54
_bA7 2018
090 0 4 _aPL248.E54
_bA7 2018
100 1 _aElçi, Zafer
245 1 0 _aAşk-ı Mehcur
_h[electronic resource] /
_cZafer Elçi ; editör Lilay Koradan
250 _a1. Baskı
260 _aİstanbul :
_bAres Kitap,
_c2018
300 _a80 p.
650 4 _aDil ve Edebiyat
650 4 _aLanguage and Literature
650 0 _aTürk şiiri
650 0 _aTurkish poetry
650 7 _aLITERARY COLLECTIONS / Middle Eastern
_2bisacsh
700 1 _aKoradan, Lilay
856 4 0 _uhttp://search.ebscohost.com/login.aspx?direct=true&scope=site&db=e011xww&AN=1916643
999 _c18012
_d18012